Δομική ευστάθεια δυναμικών συστημάτων : μεταπτυχιακή διατριβή
Η έννοια της δομικής ευστάθειας, αφορά την αντοχή των ποιοτικών χαρακτηριστικών ενός δυναμικού συστήματος, υπό την επήρεια αρκούντως μικρών διαταραχών. Εξετάζουμε υπό ποιές προυποθέσεις μπορεί να εξασφαλιστεί η δομική ευστάθεια τόσο σε τοπικό επίπεδο, δηλαδή σε περιοχές γύρω από στάσιμα σημεία και κ...
Αποθηκεύτηκε σε:
| Κύριος συγγραφέας: | |
|---|---|
| Συγγραφή απο Οργανισμό/Αρχή: | |
| Μορφή: | Thesis Βιβλίο |
| Γλώσσα: | Greek |
| Δημοσίευση: |
2008.
|
| Θέματα: | |
| Διαθέσιμο Online: | http://hdl.handle.net/11610/12174 |
| Ετικέτες: |
Προσθήκη ετικέτας
Δεν υπάρχουν, Καταχωρήστε ετικέτα πρώτοι!
|
MARC
| LEADER | 00000cam a2200000 i 4500 | ||
|---|---|---|---|
| 001 | 1/102689 | ||
| 008 | 090313s2008 gr | ||| |||| ||gre|| | ||
| 035 | |l 10103762 | ||
| 040 | |a GR-MyUA |b gre |e AACR2 | ||
| 041 | 0 | |a gre | |
| 082 | 0 | |a 515.352 |2 (22) | |
| 100 | 1 | |a Πέττας, Σπύρος. | |
| 245 | 1 | 0 | |a Δομική ευστάθεια δυναμικών συστημάτων : |b μεταπτυχιακή διατριβή / |c Σπύρος Πέττας ; επιβλέπων καθηγητής, Νικόλαος Καραχάλιος. |
| 260 | |c 2008. | ||
| 300 | |a 45 σ. : |b σχέδια ; |c 30 εκ. | ||
| 502 | |a Διατριβή (μεταπτυχιακή) – Πανεπιστήμιο Αιγαίου, Σάμος, 2008. | ||
| 504 | |a Βιβλιογραφία: σ. 45. | ||
| 506 | 0 | |a Διάθεση πλήρους κειμένου - Ελεύθερη πρόσβαση. | |
| 520 | |a Η έννοια της δομικής ευστάθειας, αφορά την αντοχή των ποιοτικών χαρακτηριστικών ενός δυναμικού συστήματος, υπό την επήρεια αρκούντως μικρών διαταραχών. Εξετάζουμε υπό ποιές προυποθέσεις μπορεί να εξασφαλιστεί η δομική ευστάθεια τόσο σε τοπικό επίπεδο, δηλαδή σε περιοχές γύρω από στάσιμα σημεία και κλειστές τροχιές, όσο και σε ολικό, δηλαδή σε ολόκληρο το πορτραίτο φάσεων. | ||
| 520 | |a The concept of structural stability, describes the resistance of the qualititive behaviour of a dynamic system, under the influence of sufficiently small pertubations. We are looking under what conditions we can assure the structural stability at sufficiently small local regions of fixed points and closed trajectories, and at the whole phase portrait. | ||
| 610 | 2 | 0 | |a University of the Aegean |x Dissertations. |
| 650 | 0 | 0 | |a Differentiable dynamical systems. |
| 650 | 0 | 0 | |a Structural stability. |
| 650 | 0 | 0 | |a Dissertations, Academic |z Greece. |
| 700 | 1 | |a Καραχάλιος, Νικόλαος, |e dgs | |
| 710 | 2 | |a Πανεπιστήμιο Αιγαίου. |b Σχολή Θετικών Επιστημών. |b Τμήμα Μαθηματικών. |b Μεταπτυχιακό Πρόγραμμα Σπουδών Μαθηματική Μοντελοποίηση στις Φυσικές Επιστήμες και στις Σύγχρονες Τεχνολογίες. | |
| 852 | |a INST |b SAMOS |c DIATR |e 20090313 |h 515.352 ΠΕΤ |p 005300029161 |q 005300029161 |t MTXE |y 23 | ||
| 852 | |a INST |b SAMOS |c DIATR |e 20090313 |h 515.352 ΠΕΤ |p 005300029162 |q 005300029162 |t MTXE |y 23 | ||
| 856 | |u http://hdl.handle.net/11610/12174 | ||
| 901 | |a BIBL3-2009-1 | ||
| 909 | |a Σ |b 155810 | ||
| 909 | |a Σ |b 155811 | ||
| 924 | |a ΠΕΤΤΑΣ |b ΣΠΥΡΟΣ |y Σάμος |z 2008-12 | ||
| 970 | |a ΚΟΣΙΕΡΗΣ |b ΧΡΗΣΤΟΣ |z 2009/03/13 | ||